00525nam a2200133 4500001000500000005001700005020001800022245010300040260006600143300001900209500010800228650002500336650003000361437820181127173302.000a978952264345200aChallenges to sustainability :bGlobal approaches and practical work in the Baltic sea region.ch00aKaarin Taipale :bTH Global Sustainability Foundation,c2014.00a77 p. ; 25 cm.00aAn International Seminar Organised by the city of Helsinki and the TH Global Sustainability Foundation.00aBaltic sea Region.x00aSustainable developmentx